Urban land and property markets in Sweden (Record no. 91765)
[ view plain ]
| 000 -LEADER | |
|---|---|
| fixed length control field | 01655cam a2200313 4500 |
| 008 - FIXED-LENGTH DATA ELEMENTS--GENERAL INFORMATION | |
| fixed length control field | 090401t1995 xxu||||| |||| 00| 0 eng d |
| 020 ## - INTERNATIONAL STANDARD BOOK NUMBER | |
| International Standard Book Number | 1857280520 |
| 035 ## - SYSTEM CONTROL NUMBER | |
| System control number | (Sirsi) u45568 |
| 041 ## - LANGUAGE CODE | |
| Language code of text/sound track or separate title | eng |
| 050 ## - LIBRARY OF CONGRESS CALL NUMBER | |
| Classification number | 333.33709485 |
| -- | 18 |
| 100 ## - MAIN ENTRY--PERSONAL NAME | |
| Personal name | Kalbro, Thomas |
| 245 ## - TITLE STATEMENT | |
| Title | Urban land and property markets in Sweden |
| 260 ## - PUBLICATION, DISTRIBUTION, ETC. | |
| Place of publication, distribution, etc. | London |
| Name of publisher, distributor, etc. | UCL Press |
| Date of publication, distribution, etc. | 1995 |
| 300 ## - PHYSICAL DESCRIPTION | |
| Extent | x, 193p. |
| Dimensions | 24cm. |
| 350 ## - PRICE (NR) (BK AM CF MU VM SE) [OBSOLETE] | |
| Price | 45 |
| 490 ## - SERIES STATEMENT | |
| Series statement | UCL Press European Urban Land and Property Markets |
| Volume/sequential designation | 5 |
| 505 ## - FORMATTED CONTENTS NOTE | |
| Formatted contents note | Basic information: the constitutional and legal framework; the economic framework; the spatial, demographic and social framework; land, property and construction |
| 505 ## - FORMATTED CONTENTS NOTE | |
| Formatted contents note | The policy environment: general land policy; policy for the environment; housing policy; urban design and urban renewal policy; change of direction |
| 505 ## - FORMATTED CONTENTS NOTE | |
| Formatted contents note | The legal framework: the legal environment; the financial environment; the tax and subsidy environment |
| 505 ## - FORMATTED CONTENTS NOTE | |
| Formatted contents note | The process: price setting; the actors; the process |
| 505 ## - FORMATTED CONTENTS NOTE | |
| Formatted contents note | The urban property market: land for agriculture and forestry; undeveloped building plots; site leasehold; single-family dwellings; second homes; tenement buildings; industrial properties; tax-exempt units |
| 505 ## - FORMATTED CONTENTS NOTE | |
| Formatted contents note | Case studies: Barnsjo, municipality of Tyreso; Sodra Sticklinge, municipality of Lidingo; Uddaberg, municipality of Solna; the sale of freehold and tenant-owner properties |
| 520 ## - SUMMARY, ETC. | |
| Summary, etc. | Comprehensive guide to the Swedish property market. Includes cases studies and bibliography. |
| 650 ## - SUBJECT ADDED ENTRY--TOPICAL TERM | |
| Topical term or geographic name entry element | SWEDEN |
| 690 ## - LOCAL SUBJECT ADDED ENTRY--TOPICAL TERM (OCLC, RLIN) | |
| Topical term or geographic name as entry element | PROPERTY-PROPERTY MARKET |
| 700 ## - ADDED ENTRY--PERSONAL NAME | |
| Personal name | Mattson, Hans |
| 942 ## - ADDED ENTRY ELEMENTS (KOHA) | |
| Suppress in OPAC | 0 |
| 948 ## - LOCAL PROCESSING INFORMATION (OCLC); SERIES PART DESIGNATOR (RLIN) | |
| c (OCLC) | 04/03/1997 |
| Withdrawn status | Lost status | Source of classification or shelving scheme | Damaged status | Not for loan | Home library | Current library | Shelving location | Date acquired | Cost, normal purchase price | Total Checkouts | Full call number | Barcode | Date last seen | Copy number | Cost, replacement price | Price effective from | Koha item type |
|---|---|---|---|---|---|---|---|---|---|---|---|---|---|---|---|---|---|
| Dewey Decimal Classification | London | London | Basement | 06/02/1996 | 38.25 | BASEMENT | 30047229 | 06/08/2019 | 1 | 38.25 | 06/08/2019 | Book |